000 00698nam a22002297a 4500
003 UA-OsUOA
001 40946
007 ta
008 20080708b un ||||| |||| 00| 0 ukr d
100 _aСохоцький Ісидор
090 _a27(477)
_bС68
942 _cBK
040 _aUA-OsUOA
_bukr
_cUA-OsUOA
_dUA-OsUOA
245 _aЩо дали Греко-католицька церква й духовенство українському народові
300 _a104 с.
955 _a1
041 _aukr
080 _a27(477)
260 _aФиладельфія
_c1951
650 7 _a27 Загальна історія Християнської церкви
_2UDC
999 _c439449
_d439449